KOHA-Header-6

Tehreek-i-Khilafat : 1924-1919 (Record no. 7345)

000 -LEADER
fixed length control field 00275nam a2200109Ia 4500
100 ## - MAIN ENTRY--AUTHOR NAME
Personal name Mem Kamal O.K.
245 #0 - TITLE STATEMENT
Title Tehreek-i-Khilafat : 1924-1919
260 ## - PUBLICATION, DISTRIBUTION, ETC. (IMPRINT)
Place of publication Karachi
Name of publisher Quaid-e-Azam Academy
Year of publication 1991
300 ## - PHYSICAL DESCRIPTION
Number of Pages 296
942 ## - ADDED ENTRY ELEMENTS (KOHA)
Koha item type Books
Holdings
Withdrawn status Lost status Collection code Permanent Location Current Location Shelving location Date acquired Full call number Accession Number Koha item type
      MAJU MAJU   2019-09-12 910.4 1198 Pakistan Studies

Powered by Koha